Civisme convivencial i bones pràctiques cíviques : les bones pràctiques cíviques a la província de Barcelona les bones pràctiques cíviques a la província de Barcelona
Publicado:
Barcelona :
Diputació de Barcelona. Àrea d'Igualtat i Ciutadania. Servei de Polítiques de Diversitat i Ciutadania, [s.a]
Descripción Física:
141 p. : il. col., gràfics, quadres ; 29 cm
Otros Autores:
Giner, Salvador
MARC
| LEADER | 00000nam a2200000Ia 4500 | ||
|---|---|---|---|
| 001 | 23817 | ||
| 008 | 160829s9999 xx 000 0 cat d | ||
| 080 | |a Bib-56 | ||
| 100 | |a Climent Sanjuán, Víctor |9 49514 | ||
| 245 | |a Civisme convivencial i bones pràctiques cíviques : |b les bones pràctiques cíviques a la província de Barcelona | ||
| 260 | |a Barcelona : |b Diputació de Barcelona. Àrea d'Igualtat i Ciutadania. Servei de Polítiques de Diversitat i Ciutadania, [s.a] | ||
| 300 | |a 141 p. : |b il. col., gràfics, quadres ; |c 29 cm | ||
| 650 | 0 | |a Educació cívica |z Barcelona (Catalunya : Província) |9 10094 | |
| 700 | |a Giner, Salvador |9 42672 | ||
| 710 | 2 | |a Universitat de Barcelona |9 51297 | |
| 710 | 1 | |a Barcelona (Catalunya : Província). |b Servei de Polítiques de Diversitat i Ciutadania |9 52870 | |
| 901 | |a Arxiu | ||
| 942 | |n 1 | ||
| 952 | |0 0 |1 0 |4 0 |6 BIB56 |7 1 |9 55419 |a Arxiu |b Arxiu |d 2016-12-01 |l 0 |o Bib-56 |p 23817 |r 2016-12-01 00:00:00 |w 2016-12-01 |y ARXIU | ||
| 999 | |c 59292 |d 59292 | ||